Responses for Show #4386 - Monday, October 6, 2003

Game data retrieved from an alternate archive.

Contestants

[<< previous game]

Amy Carruthers, a homemaker from Culver, South Carolina

Matt Campanaro, an environmental scientist from Knoxville, Tennessee

Tom Massimo, an equity trader from New York, New York (whose 2-day cash winnings total $38,401)

[next game >>]

Jeopardy! Round responses

THE ANIMAL KINGDOM
DECORATING
COUNTRY SONGS
NATIONAL HISTORIC PARKS
PAINTINGS
ADD A LETTER
    $200 5
an elephant

Matt
    $200 4
paper

Matt
    $200 10
a rose garden

Amy
    $200 1
Kentucky

Tom
    $200 21
Andy Warhol

Matt
    $200 23
(Amy: What is clump?)

C

Amy
Triple Stumper
    $400 6
primates

Amy
    $400 12
down

Amy
    $400 11
a fiddle

Triple Stumper
    $400 2
Fraunces Tavern

Tom
    $400 22
(Tom: What is eggplant?)

asparagus

TomAmy
    $400 24
S

Matt
    $600 7
a polar bear

Tom
    $600 13
embossing

Matt
    $600 16
fishing

Matt
    $600 3
a Minuteman

Amy
    $1,000 28
van Gogh

Matt
    $600 25
(Amy: What is B?)

P

MattAmy
    $800 8
humpbacks

Matt
    $800 19
scrambled eggs

Triple Stumper
    $800 17
"Always On My Mind"

Amy
    $800 14
Guam

Matt
    $800 29
Whistler's Mother

Tom
    $800 26
Y

Amy
    $1000 9
a goat

Triple Stumper
    $1000 20
crewel

Amy
    $1000 18
"The Impossible"

Triple Stumper
    $1000 15
(Matt: What is the Delaware Water Gap?)

Harpers Ferry

Matt
Triple Stumper
    $1000 30
Lucian Freud

Triple Stumper
    $1000 27
U

Matt

Scores at the first commercial break (after clue 15):

Tom Matt Amy
$1,200 $1,600 $1,600

Scores at the end of the Jeopardy! Round:

Tom Matt Amy
$1,600 $5,400 $3,800

Double Jeopardy! Round responses

POETRY
MOVIE TITLE PAIRS
NEW CELEBRITY CONTESTANTS
CITIES' TALLEST BUILDINGS
MADE IN JAPAN
"X"2
    $400 23
"The Raven"

Matt
    $400 9
Anna and the King

Amy
    $400 2
Dorothy Parker

Triple Stumper
    $400 1
Philadelphia

Matt
    $400 16
JVC

Triple Stumper
    $400 20
Exxon

Tom
    $800 24
the cross

Amy
    $800 10
Dr. Jekyll and Mr. Hyde

Triple Stumper
    $800 4
Andrew Carnegie

Tom
    $800 3
(Tom: What is St. Paul?)

St. Petersburg

TomAmy
    $800 17
green

Matt
    $800 21
Tex-Mex

Tom
    $1200 25
(Matt: Who is Oliver Wendell Holmes?)

Walt Whitman

TomMatt
    $1200 11
The Falcon and the Snowman

Matt
    $1200 5
Socrates

Tom
    $1200 8
Mexico City

Triple Stumper
    $1,200 18
the (Mitsubishi) Zero

Matt
    $1200 22
Xerox

Amy
    $800 26
Yeats

Tom
    $1600 12
Melvin and Howard

Triple Stumper
    $1600 6
Adlai Stevenson

Amy
    $1600 14
Calgary

Tom
    $1600 19
newspaper

Triple Stumper
    $1600 27
an executrix

Amy
    $2000 28
John Donne

Matt
    $2000 13
(Amy: What are The Misfits?)

The Prince and the Showgirl

Amy
Triple Stumper
    $2000 7
Edmund Halley

Tom
    $2000 15
(Matt: What is Singapore?)

Kuala Lumpur

TomMatt
    $2000 29
tatami

Triple Stumper
    $2000 30
Xerxes

Tom

Scores at the end of the Double Jeopardy! Round:

Tom Matt Amy
$13,600 $8,200 $8,200

[wagering suggestions for these scores]

Final Jeopardy! Round responses

AUTHORS
MattWho is E.L. Doctorow?
$8,000
AmyWho is Doctorow?
$8,175
TomWho is
$2,601
E.L. Doctorow

Final scores:

Tom Matt Amy
$10,999 $16,200 $16,375
3rd place: $1,000 2nd place: $2,000 New champion: $16,375

Game dynamics:

Coryat scores:

Tom Matt Amy
$14,400 $7,800 $8,200
14 R
(including 1 DD),
2 W
17 R
(including 2 DDs),
3 W
14 R,
3 W

Combined Coryat: $30,400

[game clues] [game scores] [suggest correction]

Game tape date: 2003-07-30
The J! Archive is created by fans, for fans. Scraping, republication, monetization, and malicious use prohibited; this site may use cookies and collect identifying information. See terms. The Jeopardy! game show and all elements thereof, including but not limited to copyright and trademark thereto, are the property of Jeopardy Productions, Inc. and are protected under law. This website is not affiliated with, sponsored by, or operated by Jeopardy Productions, Inc. Join the discussion at JBoard.tv.